[Event "RUS-The World"]
[Site "Moscow"]
[Date "2002.09.11"]
[Round "9"]
[White "Kramnik, Vladimir"]
[Black "Anand, Viswanathan"]
[Result "1/2-1/2"]
[WhiteElo "2807"]
[BlackElo "2755"]
[Annotator "Huebner,R"]
[PlyCount "47"]
[EventDate "2002.09.08"]
[EventType "schev (rapid)"]
[EventRounds "10"]
[EventCountry "RUS"]
[SourceTitle "CBM 091"]
[Source "ChessBase"]
[SourceDate "2002.11.12"]
[SourceVersion "1"]
[SourceVersionDate "2002.11.12"]
[SourceQuality "1"]
[WhiteTeam "Russia"]
[BlackTeam "The World"]
[WhiteTeamCountry "RUS"]

1. d4 d5 2. c4 c6 3. Nf3 Nf6 4. Nc3 dxc4 5. a4 Bf5 6. Ne5 Nbd7 7. Nxc4 Qc7 8.
g3 e5 9. dxe5 Nxe5 10. Bf4 Nfd7 11. Bg2 g5 12. Nxe5 gxf4 13. Nxd7 O-O-O 14. Qd4
Qxd7 15. Qxf4 Bd6 16. Qc1 (16. Qh6 Qe6 (16... Be5 $5) 17. Qxe6+ Bxe6 18. a5 a6
19. Be4 $14 {1/2-1/2 Stern,R-Lamprecht,F/Germany 2000/CBM 75 ext (42). (41)})
16... Kb8 17. O-O Qe7 $6 {Eine plausible Fortsezung besteht in} (17... h5 18.
h4 Qe6 19. Rd1 Rhg8 {mit Ausgleich.}) 18. a5 $6 (18. b4 {lohnte einen Versuch:}
Bxb4 {Wenn Schwarz b4-b5 zuläßt, bekommt Weiß mit dem Springer Zugang zum Feld
d5 und Angriff zu seinem Mehrbauern.} 19. Qf4+ Qd6 (19... Ka8 {scheitert an}
20. Na2) 20. Qxf5 Bxc3 21. Rab1 {, und die Stellung des Schwarzen ist äußerst
unbequem.}) 18... a6 19. Ra4 Bc7 20. Ne4 {Es ist schwer, dem Weißen etwas
Besseres zu raten; die Schwäche des Bauern auf a5 sichert dem Schwarzen
genügend Gegenspiel.} Rd5 21. Rc4 Rxa5 22. Nc5 Bc8 23. Qc2 Rb5 24. e3 {Mir
gefällt nach 24...h5 eher die Stellung des Schwarzen etwas besser.} 1/2-1/2

[Event "Corus"]
[Site "Wijk aan Zee"]
[Date "2003.01.12"]
[Round "2"]
[White "Ponomariov, Ruslan"]
[Black "Kramnik, Vladimir"]
[Result "1-0"]
[WhiteElo "2734"]
[BlackElo "2807"]
[Annotator "Ftacnik,L"]
[PlyCount "75"]
[EventDate "2003.01.11"]
[EventType "tourn"]
[EventRounds "13"]
[EventCountry "NED"]
[EventCategory "18"]
[SourceTitle "CBM 093"]
[Source "ChessBase"]
[SourceDate "2003.04.01"]
[SourceVersion "1"]
[SourceVersionDate "2003.04.01"]
[SourceQuality "1"]

1. d4 Nf6 2. c4 e6 3. Nc3 Bb4 4. e3 O-O 5. Nge2 d5 6. a3 Be7 7. cxd5 Nxd5 8.
Bd2 Nd7 9. g3 b6 {Kramnik is transfering the game into queen's indian pawn
structure with a feeling, that nothing much can endanger him.} 10. Nxd5 exd5
11. Bg2 Nf6 (11... c6 12. Rc1 Bb7 13. O-O Nf6 14. Bb4 $13) 12. O-O Ne4 13. Rc1
Bb7 (13... Bf5 14. Nf4 Re8 15. Bb4 $13) 14. Qc2 Rc8 (14... Nxd2 15. Qxd2 Re8
16. Nf4 c6 $11) 15. Rfd1 Bd6 16. Bb4 $5 {[%mdl 32] The original strategical
solution, for which Ponomariov in the end got the coveted point from the world
champion of the company Braingames.} Qf6 (16... c5 17. dxc5 bxc5 18. Be1 Qe7
19. Nc3 $14) (16... Bxb4 17. axb4 Qd6 18. b5 a5 19. bxa6 Bxa6 20. Nf4 $14) 17.
Nc3 Nxc3 (17... Bxb4 18. axb4 $14) (17... c5 18. dxc5 Bxc5 (18... bxc5 19. Ba5
(19. Nxe4 dxe4 20. Bc3 Qe6 $11) 19... Qe6 20. Qb3 $14) 19. Bh3 Rc7 20. Qe2 Rd8
$11) 18. Qxc3 (18. bxc3 Ba8 19. Bxd6 Qxd6 $11) 18... c6 (18... c5 19. dxc5 Be5
(19... Qxc3 20. Bxc3 Rxc5 21. e4 Rfc8 22. exd5 $16) 20. Qb3 Rfd8 21. Bc3 $16)
19. Bxd6 Qxd6 20. b4 Rc7 21. a4 (21. b5 Rfc8 (21... c5 22. dxc5 Rxc5 (22...
bxc5 23. Bxd5 $1 Bxd5 24. e4 $16) 23. Qd3 Rd8 $14) 22. Bh3 Re8 23. bxc6 Rxc6
24. Qb4 $14) 21... Bc8 22. a5 (22. b5 Bg4 23. Re1 Rfc8 $11) 22... Ba6 23. Ra1
Bb5 (23... Bc4 24. axb6 axb6 25. Bf1 (25. e4 Re8 26. Re1 Rce7 $11) 25... b5 26.
Ra6 $14) 24. Rdc1 Re8 25. axb6 axb6 26. Bf1 $1 {White is keeping small
advantage, but for winning chances he has to eliminate the strong black bishop.
} (26. Ra3 h6 27. Rca1 Rce7 28. Bf1 $14) 26... Bxf1 27. Kxf1 Rb8 28. Ra6 Qd7
29. Kg1 h6 30. Qa3 Rcc8 (30... Qc8 31. Qa2 Qe6 32. Ra1 $14) 31. h4 (31. Ra1 $14
) 31... Qf5 32. Ra7 g5 33. h5 $1 {Due to the passivity of black rooks
Ponomariov has achieved serious progress, exact move 33.h5! is for black very
unpleasant.} (33. hxg5 $2 hxg5 34. Qa6 Kg7 35. Qf1 $11) 33... Qf3 34. Qd3 Kh8 (
34... Qxh5 35. Qf5 Qg6 36. Qxg6+ fxg6 37. Rd7 Ra8 38. Rd6 b5 39. Rxg6+ Kh7 40.
Rgxc6 Rxc6 41. Rxc6 Ra4 42. Rc5 Rxb4 43. Rxd5 $16) 35. Qa6 (35. Ra3 $5 Rc7 36.
Qa6 Qxh5 37. Rac3 Qg6 38. b5 c5 39. dxc5 $16) 35... Kg7 $6 (35... Qxh5 36. Rb7
Ra8 37. Qxb6 Qf3 38. b5 Ra2 39. Rf1 Kg7 40. bxc6 Rc2 (40... Qf6 41. Qb3 Qxc6
42. Rxf7+ Kxf7 43. Qxa2 $16) 41. c7 Qf5 42. Qd6 Qe6 43. Rb6 $16) 36. b5 $1 c5 (
36... Qf6 37. bxc6 Rxc6 38. Rxf7+ Kxf7 39. Qa7+ Qe7 40. Qxe7+ Kxe7 41. Rxc6 b5
42. Rxh6 b4 43. Ra6 b3 44. Ra1 $18) 37. dxc5 bxc5 38. Qg6+ {This move was
nearly for sure overlooked by Kramnik, under duress even the best players are
committing nice mistakes.} (38. Qg6+ Kf8 39. Qxh6+ Kg8 40. Qxg5+ Kf8 (40... Kh8
41. Ra6 $18) 41. h6 $18) 1-0

[Event "Corus"]
[Site "Wijk aan Zee"]
[Date "2003.01.14"]
[Round "3"]
[White "Kramnik, Vladimir"]
[Black "Bareev, Evgeny"]
[Result "1-0"]
[WhiteElo "2807"]
[BlackElo "2729"]
[Annotator "Lukacs,P"]
[PlyCount "95"]
[EventDate "2003.01.11"]
[EventType "tourn"]
[EventRounds "13"]
[EventCountry "NED"]
[EventCategory "18"]
[SourceTitle "CBM 093"]
[Source "ChessBase"]
[SourceDate "2003.04.01"]
[SourceVersion "1"]
[SourceVersionDate "2003.04.01"]
[SourceQuality "1"]

1. e4 c6 2. d4 d5 3. Nc3 dxe4 4. Nxe4 Bf5 5. Ng3 Bg6 6. h4 h6 7. Nf3 Nd7 8. h5
Bh7 9. Bd3 Bxd3 10. Qxd3 Ngf6 11. Bf4 e6 12. O-O-O Be7 13. Ne4 {This leads to
quick simplifications after which White's chances are minimal.} (13. Kb1 {
is the more complex main line.} O-O (13... Qb6 {Hamdouchi-Bareev, Cap d'Agde-A
2002 CBM 92}) 14. c4 (14. Ne5 Qa5 (14... Rc8 15. Qf3 Qa5 16. c4 Rfd8 17. Rd3
Qa6 $1 {- Glek-Bareev, RUS-ch St Petersburg 1998 CBM 67}) 15. Ne4 {-
Topalov-Bareev, Candidats semifinal Dortmund 2002 CBM 90}) 14... b5 $5 {
- Vescovi-Macieja, FIDE World Cup-A 2002 CBM 92} (14... Qa5 {-
Galliamova-Chiburdanidze, Europa-Tartarstan m 2001 CBM 85})) 13... Nxe4 14.
Qxe4 Nf6 (14... a5 15. Kb1 a4 16. Ne5 Nf6 17. Qe2 {- Yegiazarian-Haroutjunian,
ARM-ch Yerevan 2001 CBM 86}) 15. Qd3 (15. Qe5 $6 {The Q is only vulnerable
here.} O-O 16. Kb1 a5 17. Rhg1 Qd5 18. Qxd5 cxd5 {Now the P structure clearly
favors Black and White has no attacking chances.} 19. g4 Ne4 20. Rg2 b5 21. Ne5
Rfc8 $15 {Westerinen-Rogers, Troll Masters Gausdal 1996}) (15. Qe2 Qd5 (15...
Qa5 16. Kb1 O-O 17. Ne5 c5 $2 18. Ng6 $3 Rfe8 {was the safe try!} (18... fxg6
$6 {accepting the sacrifice allows White a wonderful firework!} 19. Qxe6+ Kh8
20. hxg6 Rae8 21. Bxh6 $1 {The second sacrifice...} gxh6 22. Qe3 $1 Ng4 (22...
Ng8 23. Rxh6+ Kg7 24. Rh7+ Kxg6 25. Qe4+ $18) 23. Rxh6+ $1 {The third was easy.
..} Kg7 24. Rh7+ Kxg6 25. Qe4+ $18 {Smolkov-Rumiantsev, St Petersburg 2002}))
16. c4 Qe4 {- 15.Qd3}) 15... Qd5 (15... a5 16. c4 O-O 17. Kb1 b5 {Black wants
to create a stronghold for his N on d5.} 18. Ne5 (18. c5 $5 Nd5 19. Bd2 Nb4 {
/\ Qd5}) 18... bxc4 19. Qxc4 Nd5 20. Nxc6 Qd7 {Black is happy to sacrifice the
weak c P, because he has good play on the opened lines against the enemy K.}
21. Bd2 a4 22. Rhe1 Bf6 23. Ne5 Qb7 24. Rc1 Rfb8 25. Rc2 {(A.Rodriguez-Lobron,
Luzern ol (Men) 1982)} Rc8 26. Qd3 Rxc2 27. Qxc2 Rb8 28. Rc1 Nb6 $44) 16. c4
Qe4 $11 {This _|_ is about equal, but it contains some venom, as we will see
it.} 17. Qxe4 ({avoiding the _|_ may lead to problems only for White:} 17. Qd2
b5 18. Rde1 Qh7 19. c5 Nd5 20. Be5 a5 21. Qc2 Qxc2+ 22. Kxc2 {and the strong
blockading N on d5 is a super-power.} Bf6 23. Nd2 Nb4+ 24. Kb1 Nd3 $15 {
Jonkman-Grant, Mondariz zt 2000}) 17... Nxe4 18. Be3 Nd6 $6 {This is a bit
careless, although it looks logical to provoke c4-c5 weakening >< d5.} (18...
O-O-O 19. Ne5 Rhf8 20. Rhe1 (20. d5 {leads only to unnecessary exchanges.} Bd6
21. Nd3 exd5 22. cxd5 c5 23. Rh4 Rfe8 $11 {Jonkman-Grooten, Leeuwarden op 1997}
)) (18... Nf6 19. Ne5 Bd6 20. f3 Rd8 21. Kc2 a6 22. g4 Nd7 23. Nd3 {This type
of _|_ is not so easy for Black from a practical point of view.} Rc8 24. a4 O-O
25. f4 f6 26. Rhe1 Rfe8 27. Bd2 c5 28. dxc5 Nxc5 29. Nxc5 Bxc5 30. Bc3 Kf7 31.
Rd7+ Re7 32. Rxe7+ Bxe7 $11 {L.Bronstein-Tempone, ARG-ch Buenos Aires 1983})
19. b3 (19. d5 {is again useless because of} Nxc4 20. dxe6 Nxe3 (20... fxe6 21.
Bd4 O-O 22. Rhe1) 21. exf7+ Kxf7 22. fxe3 Rhd8 $11) 19... Bf6 20. g4 b5 $1 {
This is Black's main idea to take control over the light squares.} (20... Rd8
21. Kc2 $14) 21. Nd2 {White wants to keep the structure.} (21. c5 $6 Nc8 {
/\ Ne7-d5 is the right route for the N for a revival.} (21... Ne4 $6 {The N is
only vulnerable here and cannot find his way to d5.} 22. Kc2 b4 23. a3 a5 24.
Ra1 Ke7 25. axb4 $1 (25. Kd3 $14) 25... axb4 26. Ra4 $1 Rxa4 27. bxa4 Ra8 28.
Kb3 Nc3 29. a5 $16) 22. Nd2 Ne7 23. Ne4 Nd5 24. Nd6+ Ke7 $11) 21... Kd7 (21...
Ke7 $2 22. f4 $1 $16) 22. Kc2 (22. c5 $6 {is still anti-strategy:} Ne8 23. Ne4
Nc7 24. Nd6 Rhf8 25. Bf4 Nd5 26. Be5 a5 $11) 22... Bd8 23. Nf3 Bf6 (23... bxc4
24. Ne5+ Kc7 25. bxc4 f6 (25... Bf6 26. Bf4 Bxe5 27. Bxe5 f6 28. Bg3 Kd7 29.
Kd3 $16) 26. Ng6 Re8 27. Bf4 $16) 24. Ne5+ Kc7 25. c5 $5 {Finally White
decides for this advance, the main idea is the control of the d <->, and space
advantage on both flanks.} (25. Bf4 $14 {keeping the tension was also possible.
}) 25... Bxe5 26. dxe5 Nc8 (26... Nb7 {The N is far from d5 here.} 27. Rhg1 $14
) 27. Rh3 $1 Ne7 28. Rf3 Rhf8 29. Rd6 $1 a5 (29... Nd5 30. Bd2 a5 $14) 30. g5
$1 {widening the battlefront for the B.} hxg5 (30... Nf5 {is met by a
promising positional exchange sacrifice eliminating the strong blockader.} 31.
Rxf5 $1 exf5 32. gxh6 gxh6 33. Rxh6 $1 (33. Bxh6 Rh8 34. Rf6 Kd7 $1) 33... Rh8
34. Rf6 Kd7 (34... Rxh5 35. Rxf7+ $18) 35. h6 $16 {and Black's pieces are
still rather passive.}) 31. Bxg5 Nf5 (31... Nd5 {is impossible because of} 32.
h6 $18) 32. Rd1 {The d <-> is in White's hands, but it is not easy to improve
the position.} a4 (32... Rh8 33. Rfd3 Raf8 34. Rd7+ Kc8 $14) 33. b4 Kc8 $2 {
Now White will penetrate on the d <->.} (33... Rh8 34. Rfd3 Raf8 {connecting
both rooks was much better.} 35. Rd7+ Kb8 $14) 34. Rfd3 Ra7 35. Rd8+ Rxd8 36.
Rxd8+ Kb7 {Now the black R remains very passive.} 37. Kc3 Ka6 38. Kd3 $1 Rc7
39. Ke4 Kb7 40. Rd1 Kc8 41. Rd8+ Kb7 42. Kf4 $1 Rc8 43. Rd7+ Rc7 44. Rd3 Kc8 (
44... Rc8 45. Bd8 $16) 45. Rd8+ Kb7 {[#]} 46. Bf6 $3 {[%mdl 512] This is a
beautiful sacrifice in order to create a lethal o^!} g6 (46... gxf6 47. exf6
Rc8 (47... Nh4 48. Kg4 $1 Nf5 49. Kg5 $18 {/\ h6}) 48. Rxc8 Kxc8 49. Kg5 Kd7
50. h6 Nxh6 51. Kxh6 e5 52. Kh7 $1 {The fight for the reserve tempo begins.} e4
(52... Ke6 53. Kg7 a3 54. f3 $22 $18) 53. Kg7 Ke6 54. a3 $22 $18) 47. hxg6 fxg6
48. Kg5 1-0

[Event "Corus"]
[Site "Wijk aan Zee"]
[Date "2003.01.16"]
[Round "5"]
[White "Shirov, Alexei"]
[Black "Kramnik, Vladimir"]
[Result "1-0"]
[WhiteElo "2723"]
[BlackElo "2807"]
[Annotator "Rogozenco,D"]
[PlyCount "87"]
[EventDate "2003.01.11"]
[EventType "tourn"]
[EventRounds "13"]
[EventCountry "NED"]
[EventCategory "18"]
[SourceTitle "CBM 093"]
[Source "ChessBase"]
[SourceDate "2003.04.01"]
[SourceVersion "1"]
[SourceVersionDate "2003.04.01"]
[SourceQuality "1"]

1. e4 c5 2. Nf3 Nc6 3. d4 cxd4 4. Nxd4 Nf6 5. Nc3 e5 6. Ndb5 d6 7. Bg5 a6 8.
Na3 b5 9. Bxf6 gxf6 10. Nd5 f5 11. Bd3 Be6 12. O-O Bxd5 13. exd5 Ne7 14. c3 Bg7
15. Qh5 e4 16. Bc2 O-O 17. Rae1 Qc8 18. Bb3 {The move 18.Bb3 was in fact
White's first attempt to treat this position. What can be more natural than
protecting pawn d5 and preparing Na3-c2? In the first game with 18.Bb3
Sznapik-Krasenkow, Slupsk 1992, Black won quite easy and 18.Bb3 lost
popularity to 18.Kh1. That quiet king move turned out to keep all options open
and as a consequence always more players started to use 18.Kh1. I can also
mention that in Chess Informant 71 Bogdan Lalic even considered the move 18.
Lb3 to be doubtful, probably being very impressed by the reply 18...a5.
However, after Dortmund 2002, when Leko impressed everyone with 18...Rb8 after
18.Kh1, it became clear that White players will try to find again alternatives
to 18.Kh1. When after Dortmund 2002 Ponomariov won against Anand by using 18.
Bb3, one could guess that this line will soon become the main one.} a5 {
This is stronger than 18...Ng6, when after 19.Nc2! White's position is
preferable. Such an evaluation was proved in games Acs-Malakhatko, Yerevan
2001 and Ponomariov-Anand, Mainz 2002.} 19. Qg5 Qb7 {A good novelty,
recommended by the way in comments of Kunte-Hossain, in ChessBase Magazine 85.
The tactical background is that 20.Nxb5 doesn't work well for White and leads
to equality in the best case for him. From b7 the queen protects e7 and b5,
keeps an eye on d5 and supports further advances of queenside pawns.
Connecting rooks is another advantage of queen's move.} (19... Ng6 20. Nxb5 a4
21. Bd1 Qc5 22. c4 $1 {In this complicated position White's chances are
preferable, Bruzon-Handke, Oropesa der Mar 1999.}) 20. f3 {Undoubtly most
principled reply. According to White's plan in this line, he breaks the
opponent's pawn center.} (20. Nxb5 Qxb5 21. Qxe7 a4 22. c4 ({both} 22. Bd1 Qxd5
{or}) (22. Bc2 Qxb2 {lead to advantage for Black.}) 22... Qe8 $5 23. Qxe8 Rfxe8
24. Bc2 Bxb2 {is equal. Black's next move might be Rec8.}) 20... h6 $1 {
Such apparently non-important moves play a big role, since it forces White to
choose now best square for the queen. This is not an easy task, since all
queen's moves have advantages and drawbacks, as we'll see.} 21. Qg3 {Three
rounds later in the same tournament Shirov opted for 21.Df4.} (21. Qh5 {
From h5 the queen doesn't attack d6, which is very important, of course, but
on the other hand h5 is traditionally a good square for the queen. And it also
keeps pawn f5 under attack.} a4 22. Bc2 b4 23. Nc4 bxc3 ({less clear is} 23...
Qxd5 24. Ne3 Qe5 25. fxe4) 24. fxe4 (24. bxc3 Bxc3 25. fxe4 Bxe1 26. exf5 (26.
Rxe1 Qb4) 26... Qa7+ 27. Kh1 Qd4 28. Qxh6 Qh4 $19) 24... fxe4 25. bxc3 (25.
Rxe4 cxb2 26. Rg4 Qxd5 27. Qxh6 Ng6 $1) 25... f5 26. Ne3 Qb2 $1 {indirectly
protecting pawn f5 as well. Now White must find something, since the natural
moves doesn't bring anything and even can end up badly, for instance:} 27. Re2
$6 (27. Qh4 Rf7) 27... Qxc3 28. Nxf5 $2 Nxf5 29. Rxf5 Rxf5 30. Qxf5 Bd4+ 31.
Kh1 Qa1+) 21... a4 (21... Nxd5 22. fxe4 fxe4 23. Rf5 $1 {[%cal Gf5a5,Gf5h5] is
much better for White, who controls both the f-file and the 5th rank.} ({
possible, but weaker is} 23. Rd1 Ne7 24. Rxd6 a4 25. Bc2 b4 26. Nc4 bxc3 27.
bxc3 Rac8 28. Ne5 f5)) 22. Bc2 b4 {Black logically advances his pawns and now
Shirov comes with a highly interesting piece sacrifice.} ({Either here or at
the previous move Black had an alternative - a typical positional pawn
sacrifice:} 22... Ng6 23. fxe4 f4 {trying to create a blockade on the dark
squares.}) 23. Nc4 $5 ({After} 23. cxb4 {Black can choose between} Qxb4 ({or} 
23... Nxd5 24. fxe4 f4 25. Qh4 Nxb4 26. Bb1 Nc6) 24. fxe4 f4 $1 25. Rxf4 Ng6
26. Rff1 Bxb2 {in both cases with approximately equal chances.}) ({The direct} 
23. fxe4 {doesn't work because of the intermediate} f4 $1 24. Rxf4 {and take
the knight only now:} bxa3 $19) 23... Qxd5 24. fxe4 ({The more natural} 24.
Nxd6 {gives Black a lot of options:} Rfd8 (24... bxc3 $5 25. fxe4 (25. bxc3
Rfd8 26. Rd1 Qc5+ 27. Kh1 Qxc3 $17) 25... Qc5+ ({better is} 25... Qd4+ 26. Kh1
f4 27. Qxf4 Ng6 28. bxc3 Qc5) 26. Kh1 f4 27. Qd3 $1 (27. Qxf4 $2 Ng6 28. Qg3
Be5 $19) 27... Be5 28. Nf5 {and White still has hopes to continue the attack.}
(28. Nc4 cxb2 29. g3 f3 $5 $17)) ({bad is} 24... Qxa2 $2 25. fxe4 Qxb2 26. exf5
Qxc2 27. f6 $18) 25. Rd1 Qxa2 26. fxe4 Qxb2 27. exf5 Qxc3 (27... Qxc2 28. f6
Ng6 29. fxg7 Qxc3 30. Qf2 Qxg7 31. Nf5 {and White still has the attack.}) 28.
f6 Qxg3 29. hxg3 Nc8 $1 {Thanks to his queenside pawns Black is better in
endgame even being a piece down:} 30. Be4 Ra6 31. Nxc8 Bxf6 32. Rxd8+ Bxd8 {
Black is certainly not worse, to say the least. Besides those powerful pawns
on the queenside, the knight c8 is completely out of play.}) (24. Ne3 Qxa2 25.
fxe4 f4 $1 {keeping the diagonal b1-h7 closed.}) 24... Qxc4 25. exf5 Nd5 (25...
Nxf5 {The computer likes to take on f5, without understanding that} 26. Rxf5
Qxa2 27. Qd3 {gives White a dangerous attack, thanks to the presence of
opposite-coloured bishops. Only after} (27. Rf4 Qxb2 28. Qd3 f5 {gives Black
better chances to defend.}) 27... Rfe8 28. Ref1 $16 {the machine is having a
second-thought... White is clearly having a strong initiative.}) 26. f6 Nxf6 {
Actually after taking the knight on c4 (24...Qxc4), Black couldn't keep the
extra piece and had to return it one way or another by force. So in fact that
wasn't a real piece sacrifice, but only a way to get a slight, but stable
advantage. In the arising positions Black should be able to hold a draw with a
precise play, but as the game showed, some inaccuracies might easily spoil it
and lead to a loss.} 27. Rxf6 Rae8 ({White keeps same slight plus after} 27...
Qc5+ 28. Kh1 Qg5 29. Qd3 Rfe8 30. Rff1 (30. Rxe8+ Rxe8 31. Rf1 bxc3 32. bxc3
$14) 30... Rxe1 31. Rxe1 bxc3 32. bxc3 $14) 28. Ref1 Re2 $6 ({Better was} 28...
bxc3 29. Rxh6 (29. bxc3 Qc5+ 30. Kh1 Re3 (30... Qg5 $4 31. Qd3) 31. R6f3 (31.
Qf4 Qe5 {and Black should easily escape in endgame.} (31... Bxf6 $4 32. Qxh6))
31... Qc4 {and Black succeeds to use tactical ideas in order to annihilate
White's initiative.} (31... Rxc3 32. Bxa4 Qc4 $14)) 29... Qc5+ 30. Kh1 Qe3 31.
Bh7+ (31. Qxe3 Rxe3 $11 32. Rxd6 $6 cxb2 33. Bxa4 $2 Rc8 34. Rdd1 Rec3 $1 $19)
31... Kh8 {is a draw}) 29. Bd3 Qc5+ 30. Kh1 Re3 31. R6f3 Rxf3 32. Qxf3 {
In spite of material equality, Black's position is in fact very unpleasant due
to the presence of opposite-coloured bishops and White's attack (weak diagonal
b1-h7 and pawn f7). On top of that all Black's pawns are weak and he has no
counterplay at all.} bxc3 33. bxc3 Qe5 (33... Qxc3 $2 34. Qf5 $18) (33... Bxc3
34. Qe4 f5 35. Qxa4 $16) 34. c4 Kh8 {This is a very strange move, since now
the presence of queen and bishop on the diagonal b1-h7 will be even more
dangerous. Kramnik obviously was in time-trouble, otherwise he wouldn't have
succeeded to lose so quickly. The position is of course clear worse, but not
lost yet.} (34... f5 35. Bxf5 Qb2 36. a3 Qc3 $16) 35. Bc2 Qa5 $2 {this is just
bad.} (35... Qe6 $8 36. Bxa4 (36. Qd3 Qg6) 36... Qxc4 $16) 36. Qd3 f5 37. Qxd6
$18 {Now the c-pawn will play the decisive role.} Qc3 38. Bd3 Qd2 39. c5 Qxa2
40. c6 Rg8 41. Qg6 Rf8 42. c7 Qg8 43. Qc6 Rc8 44. Ba6 1-0